| 000 | 01177nam a2200313 i 4500 | ||
|---|---|---|---|
| 003 | EG-ScBUE | ||
| 005 | 20231108121906.0 | ||
| 008 | 110118m20021997ua a f b f00 0 dara d | ||
| 017 | _a1997 / 5910 | ||
| 020 | _a9770152110 | ||
| 040 |
_aEG-ScBUE _bara _erda _cEG-ScBUE _dEG-ScBUE |
||
| 082 | 0 | 4 |
_a915.33 _bس ل ي _222 |
| 100 | 1 |
_aسليمان، مصطفى محمود، _eمؤلف. _939456 |
|
| 245 | 1 | 0 |
_aرحلة في أرض سبأ / _cد. مصطفى محمود سليمان. |
| 264 | 1 |
_aالقاهرة : _bالهيئة المصرية العامة للكتاب، _c2002-1997. |
|
| 300 |
_a291 صفحة : _bإيضاحيات ؛ _c20 سم. |
||
| 336 |
_2rdacontent _aنص _btxt |
||
| 337 |
_aبدون وسيط _2rdamedia _bn |
||
| 338 |
_aمجلد _bnc _2rdacarrier |
||
| 490 | 0 | _aألف كتاب ثاني | |
| 504 | _aيشتمل على إرجاعات ببليوجرافية. | ||
| 541 |
_aدكتور مصطفى سليمان ؛ _cإهداء ؛ |
||
| 650 | _2BUEsh | ||
| 651 | 7 |
_aسبأ (مملكة) _vوصف ورحلات. _2BUEsh |
|
| 651 | 7 |
_aاليمن _vوصف ورحلات. _2BUEsh |
|
| 653 |
_bGGEN _cDecember2017 |
||
| 655 | _vReading book | ||
| 942 | _2ddc | ||
| 999 |
_c14914 _d14914 |
||